000 00294nam a22001337a 4500
008 170922b xxu||||| |||| 00| 0 eng d
020 _a0534126324
041 _aeng
080 _a37
100 _a46
101 _aEDU
245 _aCOMPOSING THROUGH READING
_cSOTIRIOU, P.E
942 _2udc
_cBK
999 _c29152
_d29152